ARRUPE JESUIT UNIVERSITY

CORONAVIRUS -STOP THE SPREAD - CLEAN,DISINFECT,COVER

Christianity's dangerous idea : (Record no. 123223)

MARC details
000 -LEADER
fixed length control field 01876cam a2200301 a 4500
001 - CONTROL NUMBER
control field 6324204
003 - CONTROL NUMBER IDENTIFIER
control field ARRUPE
005 - DATE AND TIME OF LATEST TRANSACTION
control field 20150904110329.0
008 - FIXED-LENGTH DATA ELEMENTS--GENERAL INFORMATION
fixed length control field 071026s2007 enka b 001 0 eng d
020 ## - INTERNATIONAL STANDARD BOOK NUMBER
International Standard Book Number 9780281059683
020 ## - INTERNATIONAL STANDARD BOOK NUMBER
International Standard Book Number 0281059683
035 ## - SYSTEM CONTROL NUMBER
System control number (OCoLC)ocn166388783
035 ## - SYSTEM CONTROL NUMBER
System control number (OCoLC)166388783
035 ## - SYSTEM CONTROL NUMBER
System control number (NNC)6324204
040 ## - CATALOGING SOURCE
Original cataloging agency BTCTA
Transcribing agency BTCTA
Modifying agency BWE
050 1# - LIBRARY OF CONGRESS CALL NUMBER
Classification number BX4805.3
Item number .M34 2007b
300 ## - PHYSICAL DESCRIPTION
Other physical details ill. ;
Dimensions 23 cm.
100 1# - MAIN ENTRY--PERSONAL NAME
Personal name McGrath, Alister E.,
Dates associated with a name 1953-
9 (RLIN) 9856
245 10 - TITLE STATEMENT
Title Christianity's dangerous idea :
Remainder of title the Protestant revolution-- a history from the sixteenth century to the twenty-first /
Statement of responsibility, etc Alister McGrath.
260 ## - PUBLICATION, DISTRIBUTION, ETC. (IMPRINT)
Place of publication, distribution, etc London :
Name of publisher, distributor, etc SPCK,
Date of publication, distribution, etc c2007.
300 ## - PHYSICAL DESCRIPTION
Extent viii, 552 p. :
500 ## - GENERAL NOTE
General note First published in the USA in 2007 by HarperCollins, New York--Cf. t.p. verso.
504 ## - BIBLIOGRAPHY, ETC. NOTE
Bibliography, etc Includes bibliographical references (p. 479-527) and index.
505 0# - FORMATTED CONTENTS NOTE
Formatted contents note The gathering storm -- The accidental revolutionary : Martin Luther -- Alternatives to Luther : the diversification of the Reformation -- The shift in power : Calvin and Geneva -- England : the emergence of Anglicanism -- War, peace, and disinterest : European Protestantism in crisis, 1560-1800 -- Protestantism in America -- The nineteenth century : the global expansion of Protestantism -- The Bible and Protestantism -- Believing and belonging : some distinctive protestant beliefs -- The structures of faith : organization, worship, and preaching -- Protestantism and the shaping of western culture -- Protestantism, the arts, and the natural sciences -- The changing shape of American Protestantism -- Tongues of fire : the Pentecostal revolution in Protestantism -- The new frontiers of Protestantism : the global South -- Protestantism : the next generation.
650 #0 - SUBJECT ADDED ENTRY--TOPICAL TERM
Topical term or geographic name as entry element Apologetics
9 (RLIN) 19285
942 ## - ADDED ENTRY ELEMENTS (KOHA)
Source of classification or shelving scheme Library of Congress Classification
Koha item type Monograph ( Printed materials)
948 1# - LOCAL PROCESSING INFORMATION (OCLC); SERIES PART DESIGNATOR (RLIN)
Series part designator, SPT (RLIN) 20071212
b (OCLC) c
c (OCLC) sds12
d (OCLC) MPS
Holdings
Withdrawn status Lost status Source of classification or shelving scheme Damaged status Not for loan Collection code Home library Current library Shelving location Date acquired Total Checkouts Full call number Barcode Date last seen Price effective from Koha item type
    Library of Congress Classification     Main Collection ARRUPE LIBRARY ARRUPE LIBRARY Main Collection 04/09/2015   BT1103.A44 2007b 46500004042 11/01/2017 04/09/2015 Monograph ( Printed materials)

 

Arrupe Library. PO Box MP320 Mt Pleasant, Harare, Zimbabwe
263 242 745411|librarian@aju.ac.zw